000 00719cam a22002657a 4500
003 CHAP
005 20220329133010.0
008 971013s1990 r 00010 d
010 _a1091
011 _a2063
035 _a1252
040 _cCHAP
082 _a632.95
_bI8
100 0 0 _aIvens, Giles William.
_960718
245 1 4 _aThe UK pesticide guide
260 _aWallingford :
_bCAB International,
_c1990
300 _a534 p.
500 _a40-82
590 _aBATCH-UPD
_b10
_c20130110
_lUCH01
_h0939
590 _aCONVERSION
_b10
_c20130109
_lUCH01
_h1302
650 1 4 _aPesticidas.
_987536
901 _aBK
942 _cLIBRO
949 _a632.95 I8 1990
_bBC
_cC
_d33724000186292
_eC
_gI. c/e
_h78424
_i1252
_si
_t86.72
999 _c1091
_d1091